Laawaris (Record no. 31900)

MARC details
000 -LEADER
fixed length control field 01806ngm a2200373 4500
003 - CONTROL NUMBER IDENTIFIER
control field dpl
005 - DATE AND TIME OF LATEST TRANSACTION
control field 2009111809459.0
007 - PHYSICAL DESCRIPTION FIXED FIELD--GENERAL INFORMATION
fixed length control field DVD
008 - FIXED-LENGTH DATA ELEMENTS--GENERAL INFORMATION
fixed length control field ||||||sp199 xxu|||||c ||| 00| 0 ng d
010 ## - LIBRARY OF CONGRESS CONTROL NUMBER
LC control number DVD-004841-4844
024 ## - OTHER STANDARD IDENTIFIER
Terms of availability 149.00
035 ## - SYSTEM CONTROL NUMBER
System control number DVD-004841-4844
040 ## - CATALOGING SOURCE
Original cataloging agency DPL
Transcribing agency DPL
082 ## - DEWEY DECIMAL CLASSIFICATION NUMBER
Classification number DVD / LAAW
245 ## - TITLE STATEMENT
Title Laawaris
Statement of responsibility, etc Prakash Mehra Presents
Medium [videorecording] DVD/
260 ## - PUBLICATION, DISTRIBUTION, ETC. (IMPRINT)
Name of publisher, distributor, etc Big Home Video
300 ## - PHYSICAL DESCRIPTION
Extent 1 videodisc DVD;
Other physical details sd., col. ;
Dimensions 4 3/4 in.
Type of unit DVD
440 ## - SERIES STATEMENT/ADDED ENTRY--TITLE
Title Big Home Video
500 ## - GENERAL NOTE
General note This title is complete with 3 discs Not to be sold individually
538 ## - SYSTEM DETAILS NOTE
System details note Dolby Digital 5.1 - Hindi Subtitles: English
650 ## - SUBJECT ADDED ENTRY--TOPICAL TERM
Topical term or geographic name as entry element Motion Picture
700 ## - ADDED ENTRY--PERSONAL NAME
Personal name Mehra, Prakash
700 ## - ADDED ENTRY--PERSONAL NAME
Personal name Kalyanji
700 ## - ADDED ENTRY--PERSONAL NAME
Personal name Anandji
700 ## - ADDED ENTRY--PERSONAL NAME
Personal name Bachchan, Amitabh
700 ## - ADDED ENTRY--PERSONAL NAME
Personal name Zeenat Aman
700 ## - ADDED ENTRY--PERSONAL NAME
Personal name Amjad Khan
942 ## - ADDED ENTRY ELEMENTS (KOHA)
Koha item type CD-ROMs, DVDs, VHS
Source of classification or shelving scheme Dewey Decimal Classification
Classification part DVD
Call number suffix LAAW
Holdings
Withdrawn status Lost status Source of classification or shelving scheme Damaged status Not for loan Home library Current library Date acquired Source of acquisition Cost, normal purchase price Total Checkouts Full call number Barcode Date last seen Date checked out Copy number Cost, replacement price Price effective from Koha item type
    Dewey Decimal Classification     Janak Puri Janak Puri 18/11/2009 Pioneers/885/29-10-09/325/13-10-09 /06-11-09 149.00 7 DVD LAAW DVD-004841 04/10/2012 25/09/2012 1 149.00 18/11/2009 CD-ROMs, DVDs, VHS
    Dewey Decimal Classification     Karol Bagh Karol Bagh 18/11/2009 Pioneers/885/29-10-09/325/13-10-09 /06-11-09 149.00 2 DVD LAAW DVD-004844 22/07/2014 19/07/2014 1 149.00 18/11/2009 CD-ROMs, DVDs, VHS
    Dewey Decimal Classification     R.K.Puram-8 R.K.Puram-8 18/11/2009 Pioneers/885/29-10-09/325/13-10-09 /06-11-09 149.00 1 DVD LAAW DVD-004842 25/09/2012 22/09/2012 1 149.00 18/11/2009 CD-ROMs, DVDs, VHS
    Dewey Decimal Classification     Vinoba Puri Vinoba Puri 18/11/2009 Pioneers/885/29-10-09/325/13-10-09 /06-11-09 149.00 3 DVD LAAW DVD-004843 24/03/2014 19/03/2014 1 149.00 18/11/2009 CD-ROMs, DVDs, VHS

© Delhi Public Library
Hit Counter
free hit counter